|
|
|
|
| LEADER |
00000nam0a2200000 4500 |
| 001 |
301987 |
| 005 |
20231102001445.0 |
| 010 |
|
|
|a 9785970603239
|
| 035 |
|
|
|a (RuTPU)RU\TPU\book\327182
|
| 090 |
|
|
|a 301987
|
| 100 |
|
|
|a 20150818d2015 km y0rusy50 ca
|
| 101 |
1 |
|
|a rus
|c eng
|
| 102 |
|
|
|a RU
|
| 105 |
|
|
|a a z 001zy
|
| 200 |
1 |
|
|a Изучаем Spark. Молниеносный анализ данных
|e пер. с англ.
|f Х. Карау [и др.]
|
| 210 |
|
|
|a Москва
|c ДМК Пресс
|d 2015
|
| 215 |
|
|
|a 304 с.
|c ил.
|
| 320 |
|
|
|a Предметный указатель: с. 293-303.
|
| 330 |
|
|
|a Объем обрабатываемых данных во всех областях человеческой деятельности продолжает расти быстрыми темпами. Существуют ли эффективные приемы работы с ним? В этой книге рассказывается об Apache Spark, открытой системе кластерных вычислений, которая позволяет быстро создавать высокопроизводительные программы анализа данных. С помощью Spark вы сможете манипулировать огромными объемами данных посредством простого API на Python, Java и Scala. Написанная разработчиками Spark, эта книга поможет исследователям данных и программистам быстро включиться в работу. Она рассказывает, как организовать параллельное выполнение заданий всего несколькими строчками кода, и охватывает примеры от простых пакетных приложений до программ, осуществляющих обработку потоковых данных и использующих алгоритмы машинного обучения.
|
| 606 |
1 |
|
|a Данные
|x Анализ
|2 stltpush
|3 (RuTPU)RU\TPU\subj\70551
|9 84779
|
| 610 |
1 |
|
|a Spark
|
| 610 |
1 |
|
|a загрузка
|
| 610 |
1 |
|
|a настройка
|
| 610 |
1 |
|
|a операции
|
| 610 |
1 |
|
|a программирование
|
| 610 |
1 |
|
|a загрузка
|
| 610 |
1 |
|
|a сохранение
|
| 610 |
1 |
|
|a отладка
|
| 610 |
1 |
|
|a машинное обучение
|
| 675 |
|
|
|a 004.6
|v 4
|
| 701 |
|
1 |
|a Карау
|b Х.
|g Холден
|
| 701 |
|
1 |
|a Конвински
|b Э.
|g Энди
|
| 701 |
|
1 |
|a Венделл
|b П.
|g Патрик
|
| 701 |
|
1 |
|a Захария
|b М.
|g Матей
|
| 801 |
|
1 |
|a RU
|b 63413507
|c 20150818
|
| 801 |
|
2 |
|a RU
|b 63413507
|c 20151005
|g RCR
|
| 900 |
|
|
|a Анализ данных
|
| 900 |
|
|
|a Программирование
|
| 942 |
|
|
|c BK
|
| 959 |
|
|
|a 96/20150814
|d 1
|e 649,00
|f ЧЗТЛ:1
|